00854nam a22002417a 4500003000900000005001700009008002900026020001500055040002500070082002700095100003100122245006500153260003500218300003000253500003500283650003600318650003600354700001800390910004100408942001200449952013400461999001700595DO-SdBPM20250225084521.01607182000 xxu a spa d a0439203783 aDO-SdBPMbspacBPMSU 4a819.3bB772fr 20002221 aBourgeois, Pauletted1951-10aFranklin´s baby sister /cPaulette Bourgeois, Brenda Clark  aNew York : bScholastic,c2000 a[30] p. :bil. ;c23 cm.  aLibros infantiles en inglés  4aCuentos infantiles canadienses  4aLibros ilustrados para niños 1 aClark, Brenda aVMateo V. Control de calidad. BPMSU  2ddccBK 00102ddc40708CI-GaBPMETbBPMETd2025-02-25eFUNDIl0oBPMSU CGI 819.3 B772fr 2000pBPMSU25020050r2025-02-25w2025-02-25yBK c14955d14955